| 000 -GUIDE |
| Champ de contrôle de longueur fixe |
01074nam a22002417a 4500 |
| 003 - IDENTITÉ DU NUMÉRO DE CONTRÔLE |
| Champ de contrôle |
BI-BuBU |
| 008 - ÉLÉMENTS DE LONGUEUR FIXE - RENSEIGNEMENTS GÉNÉRAUX |
| Champ de contrôle de longueur fixe |
260602b20262/6 bd f |||| 00| 0 fre d |
| 037 ## - SOURCE D'ACQUISITION |
| Source d'acquisition et du numéro d'inventaire |
Don |
| 039 ## - NIVEAU DE CONTRÔLE BIBLIOGRAPHIQUE ET HISTORIQUE D'ENCODAGE [OBSOLETE] |
| Date creation |
20260603093703.0 |
| Nom catalographe |
Jean baptiste Ndikumana |
| Date modification |
20260603093703.0 |
| Nom catalographe |
Joella Nshimirimana |
| 040 ## - SOURCE DU CATALOGAGE |
| Organisme qui a effectué le catalogage original |
BI-BuBU |
| Organisme qui a effectué la transcription |
BI-BuBU |
| Organisme qui a effectué la modification |
BI-BuBU |
| 080 ## - INDICE DE LA CLASSIFICATION DÉCIMALE UNIVERSELLE (CDU) |
| Indice de la Classification décimale universelle |
574.91 |
| 100 1# - VEDETTE PRINCIPALE - NOM DE PERSONNE |
| Nom de personne |
Ntigayirwa, Audace |
| Code de relation |
aut. |
| 245 #0 - MENTION DU TITRE |
| Titre |
Etude de la migration des femmes Burundaises vers les pays du moyen -orient |
| Reste du titre |
Motivation et impact |
| Mention de responsabilité, etc. |
Audace Ntigayirwa ; Jean Francois Regis Sindayihebura.directeur |
| 260 ## - PUBLICATION, DIFFUSION, ETC. (ADRESSE BIBLIOGRAPHIQUE) |
| Lieu de publication, diffusion, etc. |
Bujumbura |
| Nom de l'éditeur, diffuseur, etc. |
Université du Burundi, Faculté des lettres et Sciences Humaines |
| Date of publication, distribution, etc |
2025 |
| 300 ## - DESCRIPTION MATÉRIELLE |
| Collation |
XIII-78 f. |
| Dimensions |
30cm |
| 502 ## - NOTE DE THÈSE OU MÉMOIRE |
| Note de thèse |
Memoire presenté et defendu en vue de l, obtention du diplome de Master en societés ,Pouvvoir ,Territoires et developpement durable |
| 650 #7 - VEDETTE-MATIÈRE - NOM COMMUN |
| Vedette de sujet ou vedette comportant un nom géographique |
migration |
| Subdivision générale |
femme Burundaise |
| Subdivision géographique |
Moyen Orient |
| 653 ## - TERME D'INDEXATION - VEDETTE NON CONTRÔLÉE |
| Terme non contrôlé |
Mémoire |
| 655 #7 - TERME D'INDEXATION - GENRE OU FORME |
| Source du terme |
BI-BuBU |
| Données ou terme dominant sur le genre ou la forme |
memoire |
| 700 ## - VEDETTE SECONDAIRE - NOM DE PERSONNE |
| Code de relation |
dir. |
| Nom d'auteur |
Sindayihebura ,Jean Francois Regis |
| 710 1# - VEDETTE SECONDAIRE - NOM DE COLLECTIVITÉ |
| Nom de la collectivité ou nom de lieu comme élément de classement |
Faculté des Lettres et des sciences humaines |
| 942 ## - ÉLÉMENTS D'ENTRÉE ADDITIONNELLE (KOHA) |
| Source de la classification ou du système de rangement |
|
| Type d item koha |
Memoire |